The physics of atoms and quanta : (رقم التسجيلة. 42578)

تفاصيل مارك
000 -الفاتح
حقل البيانات ثابتة الطول 01308cam a22003134a 4500
003 - محدد رقم الضبط
رقم الضبط OSt
005 - وقت وتاريخ اخر تعامل مع التسجيلة
رقم الضبط 20180815174700.0
008 - عناصر البيانات ثابتة الطول - معلومات عامة
حقل البيانات ثابتة الطول 050322s2005 gw a b 001 0 ger
020 ## - الرقم الدولى المعيارى للكتب
الرقم الدولى المعيارى للكتاب 3540208070 (hardcover : alk. paper)
020 ## - الرقم الدولى المعيارى للكتب
الرقم الدولى المعيارى للكتاب 9783540208075
040 ## - مصدر الفهرسة
وكالة الفهرسة الأصلية DLC
وكالة النسخ DLC
وكالة التعديل DLC
لغة الفهرسة eng
050 00 - رقم طلب مكتبة الكونجرس
رقم التصنيف QC173
رقم المادة .H17513 2005
082 00 - رقم تصنيف ديوى العشرى
رقم التصنيف 539
رقم الطبعة 22
رقم المادة HHP
100 1# - المدخل الرئيسى - إسم شخصى
الإسم الشخصى Haken, H.
9 (RLIN) 57218
240 10 - العنوان الموحد
عنوان موحد <a href="Atom- und Quantenphysik.">Atom- und Quantenphysik.</a>
لغة العمل English
245 14 - بيان العنوان
العنوان The physics of atoms and quanta :
بقية العنوان introduction to experiments and theory /
بيان المسئوليه,etc Haken, Hermann, Wolf, Hans Christoph Wolf ; translated by William D. Brewer.
250 ## - بيان الطبعة
بيان الطبعة 7th ed. rev. and enl. ed.
260 ## - PUBLICATION, DISTRIBUTION, ETC. (IMPRINT)
مكان الناشر او الموزع Berlin ;
-- New York :
اسم الناشر او الموزع Springer,
تاريخ النشر أو التوزيع c2005.
300 ## - الوصف المادى
التعداد xx, 517 p. :
تفاصيل ماديه اخرى للوعاء ill. ;
أبعاد الوعاء 25 cm.
504 ## - تبصرة ببليوجرافية
تبصرة ببليوجرافية,الخ Includes bibliographical references (p. [499]-505) and index.
650 #0 - المدخل الاضافى بالموضوع-مصطلح موضوعى
مصطلح موضوعي أو اسم جغرافي كعنصر مدخل Atoms.
9 (RLIN) 8910
650 #0 - المدخل الاضافى بالموضوع-مصطلح موضوعى
مصطلح موضوعي أو اسم جغرافي كعنصر مدخل Quantum theory.
9 (RLIN) 64156
700 1# - المدخل الاضافى - اسم شخصى
الإسم الشخصى Wolf, H. C.
الشكل الأكمل للاسم (Hans Christoph),
التواريخ المصاحبة للاسم 1929-
9 (RLIN) 57220
856 42 - الوصول و الموقع الالكترونى
مواد محددة Publisher description
معرف المصدر الموحد <a href="http://www.loc.gov/catdir/enhancements/fy0662/2005924537-d.html">http://www.loc.gov/catdir/enhancements/fy0662/2005924537-d.html</a>
856 41 - الوصول و الموقع الالكترونى
مواد محددة Table of contents only
معرف المصدر الموحد <a href="http://www.loc.gov/catdir/enhancements/fy0813/2005924537-t.html">http://www.loc.gov/catdir/enhancements/fy0813/2005924537-t.html</a>
942 ## - عناصر المدخل الإضافي( كوها)
Koha [default] item type كتاب
906 ## - عنصر بيانات محلى F, LDF (RLIN)
a 7
b cbc
c orignew
d 2
e epcn
f 20
g y-gencatlg
المقتنيات
حالة الفقد نموذج السعر الفعال حالة تلف ليس للاعارة رقم الطلب تاريخ الاكتساب الموقع الحالي الباركود الفرع الرئيسي Date last seen نوع المادة فى نظام كوها مصدر التصنيف او خطة الترفيف Total Checkouts
  2018-08-15     539 HHP 2018-08-15 المكتبة المركزية بالمجمعة (CL) 00656832 المكتبة المركزية بالمجمعة (CL) 2018-08-15 كتاب Dewey Decimal Classification  
  2018-08-15     539 HHP 2018-08-15 المكتبة المركزية بالمجمعة (CL) 00656833 المكتبة المركزية بالمجمعة (CL) 2018-08-15 كتاب Dewey Decimal Classification  
  2018-08-15     539 HHP 2018-08-15 المكتبة المركزية بالمجمعة (CL) 00656834 المكتبة المركزية بالمجمعة (CL) 2018-08-15 كتاب Dewey Decimal Classification  
  2018-09-21     539 HHP 2018-09-21 مكتبة كلية التربية بالزلفى - طالبات (EZF) 00751092 مكتبة كلية التربية بالزلفى - طالبات (EZF) 2018-09-21 كتاب Dewey Decimal Classification  
  2018-09-21     539 HHP 2018-09-21 مكتبة كلية التربية بالزلفى - طالبات (EZF) 00751093 مكتبة كلية التربية بالزلفى - طالبات (EZF) 2018-09-21 كتاب Dewey Decimal Classification  
  2024-09-19     539 HHP 2024-09-19 مكتبة كلية التربية بالزلفى - طالبات (EZF) 00751096 مكتبة كلية التربية بالزلفى - طالبات (EZF) 2024-09-19 كتاب Dewey Decimal Classification  
  2024-09-19     539 HHP 2024-09-19 مكتبة كلية التربية بالزلفى - طالبات (EZF) 00751097 مكتبة كلية التربية بالزلفى - طالبات (EZF) 2024-09-19 كتاب Dewey Decimal Classification  
  2018-09-21     539 HHP 2018-09-21 مكتبة كلية التمريض - طالبات (CNF) 00751094 مكتبة كلية التمريض - طالبات (CNF) 2018-09-21 كتاب Dewey Decimal Classification  
  2018-09-21     539 HHP 2018-09-21 مكتبة كلية التمريض - طالبات (CNF) 00751095 مكتبة كلية التمريض - طالبات (CNF) 2018-09-21 كتاب Dewey Decimal Classification  
  2018-09-21     539 HHP 2018-09-21 مكتبة مجمع الطالبات بالمجمعة (EMF) 00751098 مكتبة مجمع الطالبات بالمجمعة (EMF) 2018-09-21 كتاب Dewey Decimal Classification  
  2018-08-18     539 HHP 2018-08-18 مكتبة مجمع الكليات بالزلفى - طلاب (SZM) 00657062 مكتبة مجمع الكليات بالزلفى - طلاب (SZM) 2018-08-18 كتاب Dewey Decimal Classification  
  2018-08-18     539 HHP 2018-08-18 مكتبة مجمع الكليات بالزلفى - طلاب (SZM) 00657063 مكتبة مجمع الكليات بالزلفى - طلاب (SZM) 2018-08-18 كتاب Dewey Decimal Classification